[Event "Titled Tuesday intern op 27th Jun Late"]
[Site "Chess.com INT"]
[Date "2023.06.27"]
[Round "5"]
[White "Nasir, Zehn"]
[Black "Ozen, Batuhan"]
[Result "1-0"]
[WhiteElo "2057"]
[BlackElo "2128"]
[PlyCount "45"]
[EventDate "2023.06.27"]
[EventType "swiss (blitz)"]
[EventRounds "11"]
[EventCountry "USA"]
[SourceTitle "EXT 2024"]
[Source "ChessBase"]
[SourceDate "2023.10.10"]
[SourceVersion "1"]
[SourceVersionDate "2023.10.10"]
[SourceQuality "1"]

1. d4 Nf6 2. Bf4 c5 3. e3 cxd4 4. exd4 g6 5. Nc3 Bg7 6. Qd2 a6 7. Bc4 b5 8. Bb3 Bb7 9. Nf3 Nc6 10. 0-0-0 Na5 11. Bh6 Nxb3+ 12. axb3 Bxh6 13. Qxh6 Bxf3 14. gxf3 Qa5 15. Rhe1 0-0-0 16. Rxe7 Rhe8 17. Rxf7 Re6 18. Qg5 Nh5 19. Kb1 Rc6 20. Nd5 Re8 21. Ne7+ Kb7 22. Nxc6 Kxc6 23. Qc5+ 1-0

[Event "Titled Tuesday intern op 06th Dec Late"]
[Site "Chess.com INT"]
[Date "2022.12.06"]
[Round "5"]
[White "Floresvillar Gonzalez, Luis Miguel"]
[Black "Ozen, Batuhan"]
[Result "0-1"]
[WhiteElo "2075"]
[BlackElo "2128"]
[PlyCount "102"]
[EventDate "2022.12.06"]
[EventType "swiss (blitz)"]
[EventRounds "11"]
[EventCountry "USA"]
[SourceTitle "CBM 211 Extra"]
[Source "ChessBase"]
[SourceDate "2023.01.31"]
[SourceVersion "1"]
[SourceVersionDate "2023.01.31"]
[SourceQuality "1"]

1. e4 c5 2. d4 cxd4 3. c3 d3 4. Bxd3 g6 5. Nf3 Bg7 6. 0-0 Nc6 7. Nbd2 d6 8. Nb3 Nf6 9. Nbd4 Bg4 10. h3 Bxf3 11. Qxf3 Ne5 12. Bb5+ Nfd7 13. Qe2 Rc8 14. f4 Nc6 15. Nxc6 bxc6 16. Bc4 0-0 17. Be3 Qa5 18. Rad1 Rb8 19. Bb3 Nb6 20. Bd4 c5 21. Bxg7 Kxg7 22. f5 c4 23. Bc2 Qxa2 24. fxg6 fxg6 25. Rxf8 Rxf8 26. Bb1 Qa5 27. e5 Qxe5 28. Qxe5+ dxe5 29. Re1 Rd8 30. Kf2 Rd2+ 31. Re2 Rxe2+ 32. Kxe2 Na4 33. Ba2 Nxb2 34. Kd2 e4 35. Ke3 Na4 36. Bxc4 Nxc3 37. Kd4 Na4 38. Kxe4 Kf6 39. g4 g5 40. Kd4 Nb6 41. Bb3 h6 42. Kc5 e5 43. Bc2 Nc8 44. Kc6 a5 45. Kb5 e4 46. Kxa5 e3 47. Bd3 Ke5 48. Kb5 Nd6+ 49. Kc6 Ne4 50. Kd7 Nf2 51. Ke7 Nxd3 0-1

[Event "Titled Tuesday intern op 06th Dec Late"]
[Site "Chess.com INT"]
[Date "2022.12.06"]
[Round "7"]
[White "Zhu, Jiner"]
[Black "Ozen, Batuhan"]
[Result "1-0"]
[WhiteElo "2486"]
[BlackElo "2128"]
[PlyCount "29"]
[EventDate "2022.12.06"]
[EventType "swiss (blitz)"]
[EventRounds "11"]
[EventCountry "USA"]
[SourceTitle "CBM 211 Extra"]
[Source "ChessBase"]
[SourceDate "2023.01.31"]
[SourceVersion "1"]
[SourceVersionDate "2023.01.31"]
[SourceQuality "1"]

1. c4 e5 2. Nc3 Nf6 3. Nf3 Nc6 4. e4 Bc5 5. Nxe5 Nxe5 6. d4 Qe7 7. dxc5 Qxc5 8. Be2 Qe7 9. 0-0 h6 10. Kh1 d6 11. f4 Nc6 12. Bf3 0-0 13. Re1 Be6 14. Nd5 Bxd5 15. exd5 1-0

[Event "Titled Tuesday intern op 18th Oct Late"]
[Site "Chess.com INT"]
[Date "2022.10.18"]
[Round "1"]
[White "Ozen, Batuhan"]
[Black "Guliyev, Namig"]
[Result "1-0"]
[WhiteElo "2128"]
[BlackElo "2542"]
[PlyCount "159"]
[EventDate "2022.10.18"]
[EventType "swiss (blitz)"]
[EventRounds "11"]
[EventCountry "USA"]
[SourceTitle "EXT 2024"]
[Source "ChessBase"]
[SourceDate "2023.10.10"]
[SourceVersion "1"]
[SourceVersionDate "2023.10.10"]
[SourceQuality "1"]

1. d4 d5 2. Nc3 Bf5 3. f3 e5 4. e4 dxe4 5. fxe4 exd4 6. exf5 dxc3 7. Qxd8+ Kxd8 8. Bc4 Bb4 9. b3 Ne7 10. Bg5 f6 11. 0-0-0+ Ke8 12. Bf4 Nbc6 13. Nf3 Nxf5 14. Rhe1+ Nfe7 15. Bxc7 Rc8 16. Bg3 Rd8 17. Be6 Ba3+ 18. Kb1 Rxd1+ 19. Rxd1 Nd8 20. Bc4 Nf5 21. Bc7 Nc6 22. Be6 Ne3 23. Re1 Nxg2 24. Re2 g5 25. Rxg2 Nd8 26. Bf5 Be7 27. Re2 Kf7 28. Nd4 Bc5 29. Ne6 Nxe6 30. Bxe6+ Kg6 31. Bc4 Rc8 32. Ba5 Bd4 33. Bd3+ Kf7 34. Bb4 Be5 35. Ba3 h5 36. Bc1 Ke6 37. Rf2 Rh8 38. Bf5+ Kd5 39. h3 g4 40. hxg4 h4 41. Rf1 h3 42. Re1 h2 43. Be4+ Ke6 44. Bf3 b5 45. Bf4 b4 46. Bxe5 fxe5 47. Kc1 Kf6 48. Kd1 Kg5 49. Ke2 Kf4 50. Kf2 Rh3 51. Bh1 Kxg4 52. Rxe5 Kf4 53. Re8 Rh6 54. Rf8+ Kg5 55. Rg8+ Kh4 56. Rg2 Rd6 57. Ke3 Rd1 58. Rxh2+ Kg5 59. Be4 Ra1 60. Bd3 Rxa2 61. Kd4 a5 62. Kc4 Kf4 63. Rh5 Ke3 64. Rh8 Kd2 65. Rh2+ Kc1 66. Kb5 Kb2 67. Rh6 a4 68. bxa4 b3 69. cxb3 Kxb3 70. Rc6 Ra3 71. a5 Ra4 72. a6 Rb4+ 73. Ka5 Ra4+ 74. Kb6 Rd4 75. a7 Rxd3 76. a8Q c2 77. Qa1 Rd1 78. Rc3+ Kb4 79. Qb2+ Ka4 80. Ra3# 1-0

[Event "Titled Tuesday intern op 18th Oct Late"]
[Site "Chess.com INT"]
[Date "2022.10.18"]
[Round "8"]
[White "Ozen, Batuhan"]
[Black "Machidon, Cristi"]
[Result "0-1"]
[WhiteElo "2128"]
[BlackElo "2278"]
[PlyCount "118"]
[EventDate "2022.10.18"]
[EventType "swiss (blitz)"]
[EventRounds "11"]
[EventCountry "USA"]
[SourceTitle "EXT 2024"]
[Source "ChessBase"]
[SourceDate "2023.10.10"]
[SourceVersion "1"]
[SourceVersionDate "2023.10.10"]
[SourceQuality "1"]

1. d4 f5 2. g4 fxg4 3. e4 c5 4. Ne2 cxd4 5. Nxd4 Nf6 6. Nc3 Nc6 7. Bc4 Qa5 8. Bd2 Qe5 9. Be3 Nxe4 10. Nd5 Nf6 11. Nxf6+ gxf6 12. Nxc6 dxc6 13. Qe2 Be6 14. 0-0-0 Kf7 15. Rd7 b5 16. Bb3 Bh6 17. Re1 Bxb3 18. Bxh6 Qxe2 19. Rxe2 Be6 20. Rd4 Bd5 21. Rxg4 Rhg8 22. Rxg8 Rxg8 23. Kd2 Rg2 24. Bf4 e5 25. Bg3 h5 26. h4 Kg6 27. Re1 Kf5 28. Ke2 a5 29. Kf1 Kg4 30. Rd1 Rxg3 31. fxg3 Kxg3 32. b3 f5 33. Kg1 f4 34. Re1 e4 35. c4 f3 36. Re3 Kf4 37. cxd5 Kxe3 38. dxc6 Ke2 39. c7 f2+ 40. Kh2 f1Q 41. c8Q Qf4+ 42. Kg2 Qf3+ 43. Kg1 Qg3+ 44. Kh1 b4 45. Qc2+ Kf3 46. Qd1+ Kf4 47. Qd6+ Kg4 48. Qe6+ Kxh4 49. Qf6+ Kh3 50. Qf5+ Qg4 51. Qf1+ Kg3 52. Qe1+ Kf4 53. Qd2+ e3 54. Qd6+ Kf3 55. Qd5+ Kf2 56. Qf7+ Qf3+ 57. Kh2 Qxf7 58. a4 Qf4+ 59. Kh3 Qg3# 0-1

[Event "Titled Tuesday intern op 04th Oct Late"]
[Site "Chess.com INT"]
[Date "2022.10.04"]
[Round "2"]
[White "Romanchuk, Viktor"]
[Black "Ozen, Batuhan"]
[Result "0-1"]
[WhiteElo "2266"]
[BlackElo "2128"]
[PlyCount "72"]
[EventDate "2022.10.04"]
[EventType "swiss (blitz)"]
[EventRounds "11"]
[EventCountry "USA"]
[SourceTitle "EXT 2023"]
[Source "ChessBase"]
[SourceDate "2022.10.05"]
[SourceVersion "1"]
[SourceVersionDate "2022.10.05"]
[SourceQuality "1"]

1. d4 Nf6 2. c4 c5 3. Nf3 cxd4 4. Nxd4 Nc6 5. Nc3 d6 6. g3 Bd7 7. Bg2 g6 8. 0-0 Bg7 9. b3 0-0 10. Bb2 Rb8 11. Qd2 a6 12. Rfd1 Nxd4 13. Qxd4 Bc6 14. Rac1 Bxg2 15. Kxg2 Qd7 16. Nd5 Ne8 17. Qd2 Bxb2 18. Qxb2 Nc7 19. Ne3 Rfc8 20. Kg1 b5 21. c5 d5 22. Qe5 Rd8 23. b4 h5 24. Kg2 Rbc8 25. Rd4 Qc6 26. Qxe7 Ne6 27. Rcd1 Nxd4 28. Rxd4 Re8 29. Qd6 Re4 30. Nxd5 Qxd6 31. cxd6 Rxd4 32. Ne7+ Kf8 33. Nxc8 Ke8 34. a3 Kd7 35. Ne7 Rxd6 36. Ng8 Ke6 0-1

[Event "Titled Tuesday intern op 04th Oct Late"]
[Site "Chess.com INT"]
[Date "2022.10.04"]
[Round "5"]
[White "Vlassov, Nikolai"]
[Black "Ozen, Batuhan"]
[Result "1-0"]
[WhiteElo "2283"]
[BlackElo "2128"]
[PlyCount "61"]
[EventDate "2022.10.04"]
[EventType "swiss (blitz)"]
[EventRounds "11"]
[EventCountry "USA"]
[SourceTitle "EXT 2023"]
[Source "ChessBase"]
[SourceDate "2022.10.05"]
[SourceVersion "1"]
[SourceVersionDate "2022.10.05"]
[SourceQuality "1"]

1. e4 c5 2. c3 Nf6 3. e5 Nd5 4. d4 cxd4 5. cxd4 Nc6 6. Nc3 e6 7. f4 d6 8. Nf3 Be7 9. Bd3 b6 10. 0-0 Bb7 11. Nxd5 exd5 12. f5 dxe5 13. dxe5 Bc5+ 14. Kh1 Nb4 15. Bb5+ Bc6 16. Bg5 Qc7 17. Qe2 Bxb5 18. Qxb5+ Qc6 19. Qe2 d4 20. a3 d3 21. Qd2 Nc2 22. Rad1 h6 23. Qxd3 hxg5 24. Qxc2 g4 25. Nd4 Rxh2+ 26. Kxh2 Qh6+ 27. Kg3 Qe3+ 28. Kxg4 0-0-0 29. Nf3 Rh8 30. Rh1 Rxh1 31. Rxh1 1-0

[Event "Titled Tuesday intern op 13th Sep Late"]
[Site "Chess.com INT"]
[Date "2022.09.13"]
[Round "9"]
[White "Ozen, Batuhan"]
[Black "Ansh, M Shah"]
[Result "1-0"]
[WhiteElo "2128"]
[BlackElo "2163"]
[PlyCount "91"]
[EventDate "2022.09.13"]
[EventType "swiss (blitz)"]
[EventRounds "11"]
[EventCountry "USA"]
[SourceTitle "EXT 2023"]
[Source "ChessBase"]
[SourceDate "2022.10.05"]
[SourceVersion "1"]
[SourceVersionDate "2022.10.05"]
[SourceQuality "1"]

1. c4 Nf6 2. Nf3 Nc6 3. g3 e5 4. Bg2 g6 5. 0-0 Bg7 6. Nc3 d6 7. Rb1 0-0 8. d3 Be6 9. b4 a6 10. Ng5 Bd7 11. b5 axb5 12. cxb5 Nd4 13. Bxb7 Rb8 14. Bg2 Nxb5 15. Nxb5 Bxb5 16. a4 Bd7 17. Rxb8 Qxb8 18. Bd2 Qa7 19. a5 Rb8 20. Qc1 h6 21. Ne4 Nxe4 22. Bxe4 f5 23. Bg2 Kh7 24. Qc4 c6 25. Bc3 d5 26. Qa2 e4 27. Bxg7 Kxg7 28. dxe4 fxe4 29. Rd1 Rb5 30. Ra1 Be6 31. Bxe4 dxe4 32. Qxe6 e3 33. Qxe3 Qxe3 34. fxe3 Rb7 35. a6 Ra7 36. Kf2 Kf6 37. e4 Ke5 38. Ke3 Kd6 39. Kd4 c5+ 40. Kc4 Kc6 41. e5 Kb6 42. e6 Ra8 43. a7 Kb7 44. Kxc5 Rc8+ 45. Kd6 Ka8 46. e7 1-0

[Event "Titled Tuesday intern op 13th Sep Late"]
[Site "Chess.com INT"]
[Date "2022.09.13"]
[Round "10"]
[White "Sanchez Alvares, Kelvin Antonio"]
[Black "Ozen, Batuhan"]
[Result "1-0"]
[WhiteElo "2215"]
[BlackElo "2128"]
[PlyCount "87"]
[EventDate "2022.09.13"]
[EventType "swiss (blitz)"]
[EventRounds "11"]
[EventCountry "USA"]
[SourceTitle "EXT 2023"]
[Source "ChessBase"]
[SourceDate "2022.10.05"]
[SourceVersion "1"]
[SourceVersionDate "2022.10.05"]
[SourceQuality "1"]

1. e4 c5 2. Nf3 Nc6 3. Nc3 g6 4. d4 cxd4 5. Nxd4 Bg7 6. Be3 Nf6 7. Bc4 Qa5 8. 0-0 0-0 9. Bb3 d6 10. h3 Bd7 11. f4 Nxd4 12. Bxd4 Bc6 13. Qd3 Nd7 14. Rae1 Nc5 15. Qd2 Nxb3 16. axb3 Bxd4+ 17. Qxd4 Qc5 18. Qxc5 dxc5 19. Rd1 Rfd8 20. Kf2 Rd4 21. Ke3 Rad8 22. Rd3 f5 23. exf5 gxf5 24. Rf2 Kf7 25. g4 Kf6 26. g5+ Kg6 27. Rfd2 e5 28. fxe5 Rxd3+ 29. Rxd3 Rxd3+ 30. cxd3 Kxg5 31. h4+ Kxh4 32. Kf4 h5 33. Nd1 Bd5 34. Ne3 Bxb3 35. Nxf5+ Kh3 36. Kg5 Be6 37. Ng7 Bd7 38. Nxh5 Kg2 39. e6 Bb5 40. Kf4 Bxd3 41. e7 Bg6 42. Nf6 Kf2 43. Kg5 Bf7 44. Kh6 1-0

[Event "Titled Tuesday intern op 13th Sep Late"]
[Site "Chess.com INT"]
[Date "2022.09.13"]
[Round "8"]
[White "Stanojoski, Zvonko"]
[Black "Ozen, Batuhan"]
[Result "1-0"]
[WhiteElo "2413"]
[BlackElo "2128"]
[PlyCount "81"]
[EventDate "2022.09.13"]
[EventType "swiss (blitz)"]
[EventRounds "11"]
[EventCountry "USA"]
[SourceTitle "EXT 2023"]
[Source "ChessBase"]
[SourceDate "2022.10.05"]
[SourceVersion "1"]
[SourceVersionDate "2022.10.05"]
[SourceQuality "1"]

1. e4 c5 2. Nf3 Nc6 3. Bb5 g6 4. c3 Nf6 5. Qa4 Bg7 6. 0-0 0-0 7. Re1 a6 8. Bf1 b5 9. Bxb5 axb5 10. Qxa8 Qb6 11. Qa3 b4 12. Qb3 Ba6 13. h3 Bd3 14. cxb4 c4 15. Qd1 Nxe4 16. Re3 f5 17. Nc3 Nxf2 18. Kxf2 f4 19. Kg1 fxe3 20. dxe3 Ne5 21. Nxe5 Rf1+ 22. Qxf1 Bxf1 23. Nxd7 Qb7 24. Kxf1 Qxd7 25. a4 Qd3+ 26. Kg1 Bxc3 27. bxc3 Qxc3 28. Rb1 Qc2 29. Ra1 c3 30. a5 Qd1+ 31. Kh2 Qd6+ 32. Kg1 Qd1+ 33. Kh2 Qd6+ 34. Kg1 Qa6 35. b5 Qd6 36. a6 Qd1+ 37. Kf2 Qc2+ 38. Kg3 Qf5 39. a7 Qe5+ 40. Kf2 Qf5+ 41. Kg1 1-0

[Event "Titled Tuesday intern op 30th Aug Late"]
[Site "Chess.com INT"]
[Date "2022.08.30"]
[Round "9"]
[White "Ozen, Batuhan"]
[Black "Daeschler, Florian"]
[Result "0-1"]
[WhiteElo "2128"]
[BlackElo "2202"]
[PlyCount "104"]
[EventDate "2022.08.30"]
[EventType "swiss (blitz)"]
[EventRounds "11"]
[EventCountry "USA"]
[SourceTitle "EXT 2023"]
[Source "ChessBase"]
[SourceDate "2022.10.05"]
[SourceVersion "1"]
[SourceVersionDate "2022.10.05"]
[SourceQuality "1"]

1. c4 c5 2. Nf3 g6 3. g3 Bg7 4. Bg2 Nc6 5. 0-0 e6 6. Nc3 Nge7 7. e3 0-0 8. d4 cxd4 9. Nxd4 d5 10. cxd5 Nxd5 11. Nxd5 exd5 12. Nxc6 bxc6 13. Qa4 Qb6 14. Bd2 Ba6 15. Rfd1 Be2 16. Re1 Bd3 17. Qa3 Bb5 18. Bc3 Rfe8 19. Bxg7 Kxg7 20. Qc3+ f6 21. a4 Ba6 22. Rac1 Re6 23. b4 Bc4 24. e4 Rae8 25. exd5 cxd5 26. Red1 Re2 27. Qf3 Qxb4 28. Bf1 Re1 29. Rxe1 Rxe1 30. Rxe1 Qxe1 31. Qg2 Qxf1+ 32. Qxf1 Bxf1 33. Kxf1 Kf7 34. Ke2 Ke6 35. Kd3 Ke5 36. f4+ Kd6 37. Kd4 f5 38. h3 h6 39. a5 a6 40. h4 h5 41. Kd3 Kc5 42. Kc3 d4+ 43. Kd3 Kd5 44. Kd2 Kc4 45. Kc2 d3+ 46. Kd2 Kd4 47. Ke1 Ke3 48. Kf1 d2 49. Kg2 d1Q 50. g4 Qxg4+ 51. Kh2 Kf2 52. Kh1 Qg2# 0-1

[Event "Titled Tuesday intern op 30th Aug Late"]
[Site "Chess.com INT"]
[Date "2022.08.30"]
[Round "7"]
[White "Ozen, Batuhan"]
[Black "Papayan, Oleg"]
[Result "1-0"]
[WhiteElo "2128"]
[BlackElo "2246"]
[PlyCount "95"]
[EventDate "2022.08.30"]
[EventType "swiss (blitz)"]
[EventRounds "11"]
[EventCountry "USA"]
[SourceTitle "EXT 2023"]
[Source "ChessBase"]
[SourceDate "2022.10.05"]
[SourceVersion "1"]
[SourceVersionDate "2022.10.05"]
[SourceQuality "1"]

1. d4 Nf6 2. Nf3 d5 3. e3 c5 4. b3 Nc6 5. a3 cxd4 6. Nxd4 e5 7. Nxc6 bxc6 8. Bb2 Bd6 9. Nd2 h5 10. Be2 h4 11. h3 Rh6 12. e4 Nxe4 13. Nxe4 dxe4 14. Bc4 Be6 15. Bxe6 Rxe6 16. Qg4 Qa5+ 17. Kd1 0-0-0 18. Kc1 g6 19. Qxe4 f5 20. Qxc6+ Qc7 21. Qxc7+ Bxc7 22. Rd1 Bb6 23. Rxd8+ Kxd8 24. f3 e4 25. fxe4 Rxe4 26. Bf6+ Ke8 27. Kd2 Be3+ 28. Kd3 Kf7 29. Bc3 Bf2 30. Rf1 Bg3 31. Bd4 a6 32. c4 Ke6 33. b4 g5 34. Bf2 Rf4 35. Re1+ Kd7 36. Bxg3 hxg3 37. Re3 Rf2 38. Rxg3 Ra2 39. Rxg5 Rxa3+ 40. Kd4 Ke6 41. h4 Ra4 42. Kc5 a5 43. b5 Rb4 44. Rg6+ Kf7 45. Ra6 Rb2 46. b6 Rxg2 47. b7 Rb2 48. Rb6 1-0

[Event "Titled Tuesday intern op 08th June"]
[Site "Chess.com INT"]
[Date "2021.06.08"]
[Round "2"]
[White "Ozen, Batuhan"]
[Black "Bellahcene, Bilel"]
[Result "0-1"]
[WhiteElo "2128"]
[BlackElo "2499"]
[PlyCount "72"]
[EventDate "2021.06.08"]
[EventType "swiss (blitz)"]
[EventRounds "11"]
[EventCountry "USA"]
[SourceTitle "CBM 202 Extra"]
[Source "ChessBase"]
[SourceDate "2021.07.31"]
[SourceVersion "1"]
[SourceVersionDate "2021.07.31"]
[SourceQuality "1"]

1. c4 c5 2. Nc3 Nf6 3. g3 d5 4. cxd5 Nxd5 5. Bg2 Nc7 6. Nf3 g6 7. 0-0 Bg7 8. d3 0-0 9. a4 Nc6 10. a5 Na6 11. Qa4 Bd7 12. Qh4 e5 13. Bg5 f6 14. Bh6 Be6 15. Bxg7 Kxg7 16. Rfc1 Rc8 17. Nb5 Qe7 18. Nd2 Nab4 19. Nc4 Rfd8 20. Bxc6 Nxc6 21. Rc3 a6 22. Nba3 Nd4 23. Re1 g5 24. Qe4 Bd5 25. Qg4 f5 26. Qh5 Rc6 27. e4 Rh6 28. Qd1 Bc6 29. Nc2 fxe4 30. dxe4 Qe6 31. f3 Qh3 32. Qd2 Nxf3+ 33. Rxf3 Rxd2 34. Nxd2 Qxh2+ 35. Kf1 Qxd2 36. Ne3 Rh1# 0-1

[Event "Titled Tuesday intern op 08th June"]
[Site "Chess.com INT"]
[Date "2021.06.08"]
[Round "3"]
[White "Ozen, Batuhan"]
[Black "Kopjonkin, Kirill"]
[Result "1-0"]
[WhiteElo "2128"]
[BlackElo "2314"]
[PlyCount "37"]
[EventDate "2021.06.08"]
[EventType "swiss (blitz)"]
[EventRounds "11"]
[EventCountry "USA"]
[SourceTitle "CBM 202 Extra"]
[Source "ChessBase"]
[SourceDate "2021.07.31"]
[SourceVersion "1"]
[SourceVersionDate "2021.07.31"]
[SourceQuality "1"]

1. c4 Nf6 2. Nc3 g6 3. g3 Bg7 4. Bg2 0-0 5. Nf3 d6 6. 0-0 Nc6 7. Rb1 a5 8. a3 e5 9. b4 axb4 10. axb4 e4 11. Ng5 Bf5 12. Ngxe4 Nxe4 13. Nxe4 Re8 14. d3 Ra2 15. Bg5 f6 16. Be3 Ne5 17. Nc3 Ra3 18. Qc1 Qa8 19. Nb5 1-0

[Event "Titled Tuesday intern op 09th Mar"]
[Site "Chess.com INT"]
[Date "2021.03.09"]
[Round "6"]
[White "Deuer, Marius"]
[Black "Ozen, Batuhan"]
[Result "1-0"]
[WhiteElo "2231"]
[BlackElo "2128"]
[PlyCount "75"]
[EventDate "2021.03.09"]
[EventType "swiss (blitz)"]
[EventRounds "11"]
[EventCountry "USA"]
[SourceTitle "CBM 201 Extra"]
[Source "ChessBase"]
[SourceDate "2021.05.31"]
[SourceVersion "1"]
[SourceVersionDate "2021.05.31"]
[SourceQuality "1"]

1. d4 Nf6 2. c4 c5 3. d5 e5 4. g3 d6 5. Bg2 Be7 6. e4 0-0 7. Ne2 Ne8 8. 0-0 g6 9. Nbc3 Ng7 10. a3 Nd7 11. b4 f5 12. Qc2 f4 13. gxf4 Nh5 14. fxe5 Nxe5 15. f4 Nxc4 16. bxc5 Bg4 17. Qd3 Na5 18. Ng3 Nb3 19. Nxh5 Nxa1 20. Ng3 Nb3 21. cxd6 Nxc1 22. Rxc1 Bxd6 23. e5 Bc5+ 24. Kh1 Rxf4 25. d6 Kg7 26. Nd5 Rd4 27. Qc3 b6 28. Nf6 Rc8 29. Nxg4 Rxg4 30. e6+ Qf6 31. d7 Rd8 32. Qe1 Rg5 33. Rxc5 bxc5 34. e7 Re5 35. Qxe5 Qxe5 36. exd8Q c4 37. Qe8 Qa1+ 38. Bf1 1-0

[Event "Titled Tuesday intern op 16th Feb"]
[Site "Chess.com INT"]
[Date "2021.02.16"]
[Round "7"]
[White "Gahan, MG."]
[Black "Ozen, Batuhan"]
[Result "1-0"]
[WhiteElo "2265"]
[BlackElo "2128"]
[PlyCount "39"]
[EventDate "2021.02.16"]
[EventType "swiss (blitz)"]
[EventRounds "11"]
[EventCountry "USA"]
[SourceTitle "EXT 2022"]
[Source "ChessBase"]
[SourceDate "2021.10.06"]
[SourceVersion "1"]
[SourceVersionDate "2021.10.06"]
[SourceQuality "1"]

1. e4 c5 2. c3 d5 3. exd5 Qxd5 4. d4 Nf6 5. Nf3 Nc6 6. Be3 Bf5 7. c4 Qd8 8. d5 Nb4 9. Na3 Qa5 10. Bd2 Ne4 11. Be2 Nxd2 12. Qxd2 e6 13. 0-0 Be7 14. d6 0-0-0 15. Nb5 Qb6 16. Rfd1 a6 17. a3 axb5 18. axb4 Bxd6 19. bxc5 Bxc5 20. Ra8+ 1-0

[Event "Titled Tuesday intern op 16th Feb"]
[Site "Chess.com INT"]
[Date "2021.02.16"]
[Round "4"]
[White "Ozen, Batuhan"]
[Black "Eden, James"]
[Result "1/2-1/2"]
[WhiteElo "2128"]
[BlackElo "2294"]
[PlyCount "123"]
[EventDate "2021.02.16"]
[EventType "swiss (blitz)"]
[EventRounds "11"]
[EventCountry "USA"]
[SourceTitle "EXT 2022"]
[Source "ChessBase"]
[SourceDate "2021.10.06"]
[SourceVersion "1"]
[SourceVersionDate "2021.10.06"]
[SourceQuality "1"]

1. g3 e5 2. c4 Nc6 3. Bg2 Bc5 4. Nc3 a6 5. d3 d6 6. Nf3 f5 7. Nd5 Nf6 8. Bg5 h6 9. Bxf6 gxf6 10. a3 Be6 11. Qc2 Bxd5 12. cxd5 Nd4 13. Nxd4 Bxd4 14. Rc1 Bb6 15. Bh3 Qd7 16. e4 Qg7 17. Bxf5 h5 18. h4 Rg8 19. Qe2 Qh6 20. Rc2 Ke7 21. Rf1 a5 22. Qd2 Qg7 23. Be6 a4 24. Ke2 Rgf8 25. Kf3 f5 26. Bxf5 Rxf5+ 27. exf5 Rf8 28. Qg5+ Qxg5 29. hxg5 Rxf5+ 30. Kg2 Rxg5 31. Rh1 Kf6 32. Rh4 Kg6 33. Rxa4 Rf5 34. Re4 Rf8 35. a4 Ra8 36. b3 Ra5 37. Rc3 Rxd5 38. b4 c6 39. a5 Bd4 40. Rb3 Rb5 41. f4 c5 42. Kf3 Rxb4 43. Rxb4 cxb4 44. Ke2 b3 45. Kd1 b2 46. Kc2 Kf5 47. fxe5 dxe5 48. Rh4 Kg5 49. Kb1 Bf2 50. Rb4 Be1 51. Rb5 Kg4 52. Rxe5 Bxg3 53. Rb5 Be1 54. Kxb2 h4 55. Rxb7 Bxa5 56. d4 h3 57. Rh7 Be1 58. d5 Bh4 59. d6 h2 60. Rxh4+ Kxh4 61. d7 h1Q 62. d8Q+ 1/2-1/2

[Event "Titled Tuesday intern op 16th Feb"]
[Site "Chess.com INT"]
[Date "2021.02.16"]
[Round "6"]
[White "Ozen, Batuhan"]
[Black "Frolyanov, Dmitry"]
[Result "1/2-1/2"]
[WhiteElo "2128"]
[BlackElo "2542"]
[PlyCount "136"]
[EventDate "2021.02.16"]
[EventType "swiss (blitz)"]
[EventRounds "11"]
[EventCountry "USA"]
[SourceTitle "EXT 2022"]
[Source "ChessBase"]
[SourceDate "2021.10.06"]
[SourceVersion "1"]
[SourceVersionDate "2021.10.06"]
[SourceQuality "1"]

1. c4 e6 2. g3 d5 3. Bg2 Nf6 4. Nf3 dxc4 5. 0-0 Nc6 6. Qc2 Qd5 7. Nc3 Qc5 8. Na4 Qd5 9. Ne1 Nd4 10. Qd1 Qh5 11. Nc3 e5 12. Qa4+ c6 13. Qxc4 Be6 14. Qa4 Nxe2+ 15. Nxe2 Qxe2 16. Bxc6+ Bd7 17. Bxd7+ Nxd7 18. Ng2 Be7 19. d4 Rd8 20. Re1 Qg4 21. Rxe5 b5 22. Qxb5 Qxd4 23. Re1 a6 24. Qc6 0-0 25. Rxe7 Ne5 26. Rxe5 Qxe5 27. Be3 Qxb2 28. Rf1 Qxa2 29. h4 a5 30. h5 Qd5 31. Qb6 Qxh5 32. Nf4 Qf5 33. Ra1 Rb8 34. Qxa5 Rb1+ 35. Kh2 Qxa5 36. Rxa5 h6 37. Kg2 Rfb8 38. Nd5 R1b5 39. Rxb5 Rxb5 40. Ne7+ Kh7 41. Nc6 g6 42. Nd4 Rb2 43. Kf3 Ra2 44. Ne2 Ra4 45. Nd4 Ra2 46. Nc6 h5 47. Nd8 Kg8 48. Nc6 Rc2 49. Ne7+ Kf8 50. Nd5 Kg8 51. Nf4 Ra2 52. Nd5 Ra3 53. Ke4 Ra4+ 54. Bd4 Kf8 55. Nf6 Ra2 56. Nd5 Re2+ 57. Be3 Ra2 58. Kf3 Ra4 59. Nf6 Ra3 60. Nd5 Ra4 61. Kg2 Ra2 62. Kf3 Kg7 63. Kg2 Kg8 64. Nf4 Ra5 65. Nd3 Ra4 66. Nf4 Ra5 67. Nd3 Ra4 68. Nf4 Ra5 1/2-1/2

[Event "Titled Tuesday intern op 16th Feb"]
[Site "Chess.com INT"]
[Date "2021.02.16"]
[Round "5"]
[White "Taboas Rodriguez, Daniel"]
[Black "Ozen, Batuhan"]
[Result "0-1"]
[WhiteElo "2364"]
[BlackElo "2128"]
[PlyCount "30"]
[EventDate "2021.02.16"]
[EventType "swiss (blitz)"]
[EventRounds "11"]
[EventCountry "USA"]
[SourceTitle "EXT 2022"]
[Source "ChessBase"]
[SourceDate "2021.10.06"]
[SourceVersion "1"]
[SourceVersionDate "2021.10.06"]
[SourceQuality "1"]

1. d4 Nf6 2. Nf3 c5 3. d5 d6 4. c4 e5 5. Nc3 Be7 6. h3 0-0 7. e4 Ne8 8. Bd3 g6 9. g4 Ng7 10. Bh6 Nd7 11. Qd2 Nf6 12. Nh2 Kh8 13. Nf1 Ng8 14. Ng3 Nxh6 15. Qxh6 Bg5 0-1

[Event "Titled Tuesday intern op 16th Feb"]
[Site "Chess.com INT"]
[Date "2021.02.16"]
[Round "2"]
[White "Warmerdam, Max"]
[Black "Ozen, Batuhan"]
[Result "1-0"]
[WhiteElo "2535"]
[BlackElo "2128"]
[PlyCount "99"]
[EventDate "2021.02.16"]
[EventType "swiss (blitz)"]
[EventRounds "11"]
[EventCountry "USA"]
[SourceTitle "EXT 2022"]
[Source "ChessBase"]
[SourceDate "2021.10.06"]
[SourceVersion "1"]
[SourceVersionDate "2021.10.06"]
[SourceQuality "1"]

1. d4 Nf6 2. c4 c5 3. d5 e5 4. Nc3 d6 5. e4 Be7 6. h3 0-0 7. Nf3 Ne8 8. Bd3 Nd7 9. Be3 g6 10. g4 Ng7 11. Rg1 Kh8 12. Qc2 a6 13. a4 Nf6 14. Nd2 h5 15. f3 Nfe8 16. Nf1 h4 17. Qd2 g5 18. Bf2 Nc7 19. Ne3 Rb8 20. Qe2 Kg8 21. a5 b6 22. axb6 Rxb6 23. Kf1 Bd7 24. Kg2 Qb8 25. Ra2 Qb7 26. Rb1 a5 27. Qc2 Na6 28. Rxa5 Nb4 29. Qd2 Ra8 30. Rxa8+ Qxa8 31. Be2 f6 32. Qc1 Ra6 33. Nc2 Na2 34. Nxa2 Rxa2 35. Ra1 Bd8 36. Be1 Kf8 37. Bc3 Ke7 38. Rxa2 Qxa2 39. Qa1 Qb3 40. Ne3 Bb6 41. Qa8 Bd8 42. Bd1 Qb6 43. Ba4 Bxa4 44. Qxa4 Qb7 45. Kf2 Qb6 46. Ke2 Qb7 47. Kd2 Ne8 48. Nf5+ Kf8 49. Qxe8+ Kxe8 50. Nxd6+ 1-0